Guía para la investigación y desarrollo de un tema (Registro nro. 5177)
[ vista simple ]
| 000 -Cabecera | |
|---|---|
| Campo de control de longitud fija | 00586aam a2200229 4500 |
| 005 - Fecha y hora de la última transacción | |
| Campo de control | 20260213125541.0 |
| 008 - Elementos de longitud fija--Información general | |
| Campo de control de longitud fija | 150507b2013 xxu||||| |||| 00| 0 spa d |
| 041 ## - Idioma | |
| Código de idioma | Español |
| 082 ## - Clasificación Decimal Dewey | |
| Número de clasificación | 001.42 A996g2 |
| 100 ## - Entrada principal--Autor personal | |
| Nombre personal | Azofeifa, Isaac Felipe |
| 245 ## - Título propiamente dicho | |
| Título | Guía para la investigación y desarrollo de un tema |
| 250 ## - Edición | |
| Mención de edición | 2 edición |
| 260 ## - Pie de imprenta | |
| Lugar de publicación, distribución, etc. | Costa Rica |
| 260 ## - Pie de imprenta | |
| Nombre del editor, distribuidor, etc. | EUCR |
| 260 ## - Pie de imprenta | |
| Fecha de publicación, distribución, etc. | 2013 |
| 300 ## - Descripción física | |
| Extensión | 80 páginas |
| 490 ## - Serie | |
| Título de la Serie | Temática General |
| 650 ## - Materia general | |
| Temática (materia general) | MÉTODOS DE INVESTIGACIÓN |
| 650 ## - Materia general | |
| Temática (materia general) | INVESTIGACIONES |
| 650 ## - Materia general | |
| Temática (materia general) | CIENCIAS SOCIALES |
| 942 ## - Punto de acceso adicional KOHA | |
| Tipo de ítem KOHA | Libro |
| Fuente del sistema de clasificación o colocación | Dewey Decimal Classification |
| Signatura completa | Código de barras | Programa Académico | Tipo de ítem |
|---|---|---|---|
| 001.42 A996g2 | 13546 | Temática General | Libro |
| 001.42 A996g2 | 14222 | Temática General | Libro |
| 001.42 A996g2 | 14223 | Temática General | Libro |
| 001.42 A996g2 | 14224 | Temática General | Libro |
| 001.42 A996g2 | 19709 | Temática General | Libro |